Cost management (Record no. 81385)

MARC details
000 -LEADER
fixed length control field 00935cab a22002055 4500
001 - CONTROL NUMBER
control field L147108
008 - FIXED-LENGTH DATA ELEMENTS--GENERAL INFORMATION
fixed length control field 090401e20090327xxk f 000 0 eng u
035 ## - SYSTEM CONTROL NUMBER
System control number (Sirsi) u147108
041 0# - LANGUAGE CODE
Language code of text/sound track or separate title eng
100 1# - MAIN ENTRY--PERSONAL NAME
Personal name Benge, David
245 00 - TITLE STATEMENT
Title Cost management
Remainder of title the new rules
260 ## - PUBLICATION, DISTRIBUTION, ETC.
Date of publication, distribution, etc. 2009
490 #0 - SERIES STATEMENT
Series statement Building
Volume/sequential designation 273 (8572) 27 March 2009, 63 (1)
520 ## - SUMMARY, ETC.
Summary, etc. Presents the RICS New Rules of Measurement: order of cost estimating and elemental cost planning, a new instrument for calculating costs of a construction project. In addition to guidance for costs estimating and cost planning, they include advice on how to deal with preliminaries, overheads and profit, risk allowances and inflation. Explains the benefits of these new rules. They will be effective from 1 May 2009.
590 ## - LOCAL NOTE (RLIN)
Local note KA
650 24 - SUBJECT ADDED ENTRY--TOPICAL TERM
Topical term or geographic name entry element RICS NEW RULES OF MEASUREMENT
651 #4 - SUBJECT ADDED ENTRY--GEOGRAPHIC NAME
Geographic name United Kingdom
Chronological subdivision
690 ## - LOCAL SUBJECT ADDED ENTRY--TOPICAL TERM (OCLC, RLIN)
Topical term or geographic name as entry element BUILT ENVIRONMENT-BUILDING COSTS
942 ## - ADDED ENTRY ELEMENTS (KOHA)
Suppress in OPAC 0
Holdings
Withdrawn status Lost status Source of classification or shelving scheme Damaged status Not for loan Home library Current library Shelving location Date acquired Total Checkouts Full call number Barcode Date last seen Copy number Price effective from Koha item type
    Dewey Decimal Classification     London London Journal article 01/04/2009   L147108 147108-1001 06/08/2019 1 06/08/2019 Journal article